000 00544nam a22001817a 4500
999 _c7464
_d7464
003 OSt
005 20211112151858.0
008 211112b ||||| |||| 00| 0 eng d
020 _a9781937660345
040 _cNLM
082 _aWZ112
_bD844s 2014
100 _aDrummnd, Dike
_915288
245 _aStop physician burnout:
_bwhat to do when working harder isn't working.
260 _aUnited States of America
_bHeritage press publications
_c2014
300 _avi,196p.;
_bill.,
_c23cm
650 _aCollective Physicians
_915289
942 _2z
_cBOOK